000 00692nam a2200193 i 4500
001 53634
003 ES-MaACL
005 20250728033652.0
007 t|
008 031105s1925 gw ||||1| fre d
245 0 3 _aLa femme :
_bnature et civilisation : cent vingt photographies /
_cchoisies par le Dr. Pierre Landow.
260 _aBerlin :
_bMaison d'Edition de la Société pour la Popularisation de l'Art Classique,
_c[1925]
300 _aX p., 120 h. de lám. fot. ;
_c32 cm.
650 4 _aMujeres-
_vObras ilustradas.
_9174095
650 7 _aFotografía de desnudo
_2embne
_912962
700 1 _aLandow, Pierre.
_969969
852 4 _aES-MaACL
_jB-5911
999 _c53634
_d53634